Ведомственная авиация в Красноярском крае, 1934-1950 гг. (Запись № 11165377)
[ простой вид ]
| 000 -МАРКЕР | |
|---|---|
| контрольное поле | 02197nam0a2200361 4500 |
| 001 - ИДЕНТИФИКАТОР ЗАПИСИ | |
| контрольное поле | RU\NLR\BIBL_A\011954130 |
| 005 - ИДЕНТИФИКАТОР ВЕРСИИ | |
| контрольное поле | 20220728160436.0 |
| 010 ## - МЕЖДУНАРОДНЫЙ СТАНДАРТНЫЙ НОМЕР КНИГИ (ISBN) | |
| Номер (ISBN) | 978-5-7638-3899-2 |
| 010 ## - МЕЖДУНАРОДНЫЙ СТАНДАРТНЫЙ НОМЕР КНИГИ (ISBN) | |
| Номер (ISBN) | 978-5-7638-4021-6 |
| Тираж | 100 |
| 021 ## - НОМЕР ГОСУДАРСТВЕННОЙ РЕГИСТРАЦИИ | |
| Код страны | Российская Федерация |
| Номер | КН-П-19-007902 |
| Номер Листа государственной регистраци | КН-П-19-0589 |
| 035 ## - ДРУГИЕ СИСТЕМНЫЕ НОМЕРА | |
| Идентификатор записи | (NLR Aleph) 011954130 |
| 035 ## - ДРУГИЕ СИСТЕМНЫЕ НОМЕРА | |
| Идентификатор записи | (RuMoRGB)009889314 |
| 100 ## - ДАННЫЕ ОБЩЕЙ ОБРАБОТКИ | |
| Данные общей обработки | 20190306d2018 u y0rusy50 ca |
| 101 0# - ЯЗЫК РЕСУРСА | |
| Язык текста, звукозаписи и т.д. | русский |
| 102 ## - СТРАНА ПУБЛИКАЦИИ ИЛИ ПРОИЗВОДСТВА | |
| Страна публикации | Российская Федерация |
| 105 ## - ПОЛЕ КОДИРОВАННЫХ ДАННЫХ: ТЕКСТОВЫЕ МАТЕРИАЛЫ, МОНОГРАФИЧЕСКИЕ | |
| Кодированные данные о монографическом текстовом документе | ach|z|||000zy |
| 200 1# - ЗАГЛАВИЕ И СВЕДЕНИЯ ОБ ОТВЕТСТВЕННОСТИ | |
| Основное заглавие | Ведомственная авиация в Красноярском крае, 1934-1950 гг. |
| Первые сведения об ответственности | Министерство науки и высшего образования Российской Федерации, Сибирский федеральный университет, Военно-инженерный институт [и др.] |
| Последующие сведения об ответственности | авторы-составители: В.В. Филлипов, А.В. Леопа, д.филос.н., проф. |
| 210 ## - ПУБЛИКАЦИЯ, РАСПРОСТРАНЕНИЕ И ДР. | |
| Место издания, распространения и т.д. | Красноярск |
| Имя издателя, распространителя и т. д. | СФУ |
| Дата издания, распространения и т.д. | 2018 |
| 215 ## - ФИЗИЧЕСКАЯ ХАРАКТЕРИСТИКА | |
| Специфическое обозначение материала и объем | 439 с. |
| Другие сведения о физической характеристике | ил., портр., табл., факс. |
| Размеры | 21 |
| 225 1# - СЕРИЯ | |
| Основное заглавие серии | Авиация Красноярского края в документах архивов, публикациях и фотографиях |
| Сведения об ответственности | авт.-сост.: В.В. Филиппов |
| 300 ## - ОБЩИЕ ПРИМЕЧАНИЯ | |
| Текст примечания | В надзаг. также: Арх. агентство Краснояр. края, КГКУ "Гос. арх. Краснояр. края" |
| 320 ## - ПРИМЕЧАНИЯ О НАЛИЧИИ В ДОКУМЕНТЕ БИБЛИОГРАФИИ / УКАЗАТЕЛЯ | |
| Текст примечания | Библиогр.: с. 438, в конце док. и в подстроч. примеч. |
| 606 1# - НАИМЕНОВАНИЕ ТЕМЫ КАК ПРЕДМЕТ | |
| Наименование темы | Авиация |
| Тематический подзаголовок | История |
| Географический подзаголовок | Красноярский край |
| Хронологический подзаголовок | 1934 - 1950 |
| Системный номер авторитетной/нормативной записи | 2365826 |
| Идентификатор авторитетной/нормативной записи | RU\NLR\AUTH\661412425 |
| 686 1# - ИНДЕКСЫ ДРУГИХ КЛАССИФИКАЦИЙ | |
| Индекс | О5,9г(2) |
| 702 #1 - ИМЯ ЛИЦА - ВТОРИЧНАЯ ОТВЕТСТВЕННОСТЬ | |
| Код отношения | Составитель |
| Графика поля | Кириллица |
| Материалы, к которым относится поле | rus |
| Начальный элемент ввода | Филиппов |
| Часть имени, кроме начального элемента ввода | В. В. |
| Дополнения к именам, кроме дат | историк авиации |
| Даты | 1962- |
| Расширение инициалов личного имени | Вячеслав Викторович |
| Системный номер авторитетной/нормативной записи | 105282 |
| Идентификатор авторитетной/нормативной записи | RU\NLR\AUTH\77122357 |
| 712 02 - НАИМЕНОВАНИЕ ОРГАНИЗАЦИИ - ВТОРИЧНАЯ ОТВЕТСТВЕННОСТЬ | |
| Код отношения | Прочие |
| Начальный элемент ввода | Сибирский федеральный университет |
| Структурное подразделение | Военно-инженерный институт |
| Идентифицирующий признак | Красноярск |
| Системный номер авторитетной/нормативной записи | 419747 |
| Идентификатор авторитетной/нормативной записи | RU\NLR\AUTH\880376730 |
| 942 ## - ДОПОЛНИТЕЛЬНЫЕ ЭЛЕМЕНТЫ ЗАПИСИ (АБИС) | |
| Тип экземпляра АБИС | Книга |
| 980 ## - КОЛЛЕКЦИЯ | |
| Название коллекции | НБР |
| 980 ## - КОЛЛЕКЦИЯ | |
| Название коллекции | Национальная библиография |
Нет доступных экземпляров.